All India directory of medical, dental and pharmacy institutions (educational) (Record no. 488555)

000 -LEADER
fixed length control field 00576cam a22001097a 4500
008 - FIXED-LENGTH DATA ELEMENTS--GENERAL INFORMATION
fixed length control field 180718b2002 xxu||||| |||| 00| 0 eng d
082 ## - DEWEY DECIMAL CLASSIFICATION NUMBER
Classification number O1055x54 Al51
245 ## - TITLE STATEMENT
Title All India directory of medical, dental and pharmacy institutions (educational)
Statement of responsibility, etc. by Central Bureau of Health Intelligene, Directorate General of Health Services, Ministry of Health and Family Welfare
260 ## - PUBLICATION, DISTRIBUTION, ETC.
Place of publication, distribution, etc. Delhi
Name of publisher, distributor, etc. The Controller of Publications
Date of publication, distribution, etc. 2002
300 ## - PHYSICAL DESCRIPTION
Extent 136p.
700 ## - ADDED ENTRY--PERSONAL NAME
Personal name India. Ministry of Health and Family Welfare. Directorate General of Health Services. Central Bureau of Health Intelligence
Holdings
Withdrawn status Lost status Damaged status Not for loan Permanent Location Current Location Date acquired Full call number Barcode Date last seen Price effective from Koha item type
        Indian Institute of Public Administration Indian Institute of Public Administration 2018-08-04 O1055x54 Al51 GG26200 2018-08-04 2018-08-04 GG
        Indian Institute of Public Administration Indian Institute of Public Administration 2018-08-04 O1055x54 Al51 GG26199 2018-08-04 2018-08-04 GG

Powered by Koha